| 000 | 00886cam a22003017a 4500 | ||
|---|---|---|---|
| 003 | CHAP | ||
| 005 | 20220329135837.0 | ||
| 008 | 971013s1984 r 00010 d | ||
| 010 | _a43163 | ||
| 011 | _a44135 | ||
| 035 | _a48273 | ||
| 040 | _cCHAP | ||
| 082 |
_a100 _bS3 |
||
| 100 | 0 | 0 |
_aSacristán Luzón, Manuel. _9101144 |
| 245 | 0 | _aPapeles de filosofía | |
| 260 |
_aBarcelona : _bIcaria, _c1984 |
||
| 300 | _a504 p. | ||
| 490 | 0 |
_aPanfletos y materiales _v; 22 |
|
| 590 |
_aBATCH-UPD _b10 _c20130110 _lUCH01 _h1839 |
||
| 590 |
_aBATCH-UPD _b10 _c20130410 _lUCH01 _h1210 |
||
| 590 |
_aBATCH-UPD _b10 _c20130914 _lUCH01 _h1407 |
||
| 590 |
_aCONVERSION _b10 _c20130109 _lUCH01 _h1324 |
||
| 650 | 1 | 4 |
_aFilosofía. _940890 |
| 830 | 0 |
_aPanfletos y materiales _v; 22 _985084 |
|
| 901 | _aBK | ||
| 942 | _cLIBRO | ||
| 949 |
_a100 S3 _bBC _cMUT _d33724000299160 _eMUT _gI.126490 _h67174 _i48273 _si |
||
| 999 |
_c43163 _d43163 |
||